Comercialización de productos agrarios
Պահպանված է:
| Հիմնական հեղինակներ: | , |
|---|---|
| Ձևաչափ: | Գիրք |
| Լեզու: | իսպաներեն |
| Հրապարակվել է: |
Madrid
Mundi Prensa
2004
Madrid Agrícola Española 2004 |
| Խորագրեր: | |
| Ցուցիչներ: |
Ավելացրեք ցուցիչ
Չկան պիտակներ, Եղեք առաջինը, ով նշում է այս գրառումը!
|
MARC
| LEADER | 00000nam a2200000 a 4500 | ||
|---|---|---|---|
| 001 | UCH7753 | ||
| 003 | CL-VaPUC | ||
| 008 | 091126e20040000sp |||||||||||||||||spa|d | ||
| 020 | |a 978848476222X | ||
| 082 | 0 | 4 | |a 338.13 |b CAL |2 21 |
| 100 | 0 | |a Caldentey Albert, Pedro |e author |9 544063 | |
| 700 | 0 | |a Haro Giménez, Tomás de |e author |9 544064 | |
| 245 | 1 | 0 | |a Comercialización de productos agrarios |
| 300 | |a 354 p | ||
| 942 | |c BK | ||
| 945 | |d 20091126 00:00:00 |a rbrito | ||
| 260 | |a Madrid |b Mundi Prensa |c 2004 | ||
| 260 | |a Madrid |b Agrícola Española |c 2004 | ||
| 650 | 7 | |a COMERCIO AGRICOLA |2 CL-VaPUC |9 544065 | |
| 650 | 7 | |a EXPORTACIONES |2 CL-VaPUC |9 255382 | |
| 650 | 0 | |a Producción agrícola |9 353481 | |
| 650 | 0 | |a Precios |9 260787 | |
| 650 | 0 | |a Control de calidad |9 259714 | |
| 650 | 0 | |a Comercialización |9 259326 | |
| 650 | 0 | |a Almacenamiento |9 341876 | |
| 583 | |a last modification |c 20171127 01:33:27 |k Rodrigo Vera | ||
| 999 | |c 338130 |d 338128 | ||
| 952 | |0 0 |1 0 |4 0 |6 338_130000000000000_CAL_2004_2004 |7 0 |8 A |9 430967 |a BIBAGR |b BIBAGR |d 2019-11-22 |i 4621522 |o 338.13 CAL 2004 2004 |p 4621522 |r 2025-01-20 |w 2019-11-22 |y BK |k AGR | ||